Odběr vzorků pro bakteriologické a virologické vyšetření ryb /

Další autoři: Piačková, Veronika, 1968-
Jazyk: Čeština
Vydáno: Vodňany : Jihočeská univerzita v Českých Budějovicích, Fakulta rybářství a ochrany vod, 2014
Vydání: 1. vyd.
Edice: Edice metodik ; Technologická řada 142.
Témata:
Fyzický popis: 26 s. : il. (převážně barev.) ; 21 cm
Knihy
Uloženo v:
LEADER 02258nam a2200601 a 4500
001 nkc20142612213
003 CZ PrNK
005 20150107074707.0
007 ta
008 140806s2014 xr a e 000 0 cze
015 |a cnb002612213 
020 |a 978-80-87437-82-7  |q (brož.) 
035 |a (OCoLC)900135262 
040 |a OLA001  |b cze  |d ABA001 
072 7 |a 639.2/.6  |x Rybářství  |2 Konspekt  |9 24 
080 |a 639.3  |2 MRF 
080 |a 639.2.09  |2 MRF 
080 |a 616.9-022.7  |2 MRF 
080 |a 616.9-022.6  |2 MRF 
080 |a 636.09:616-07  |2 MRF 
080 |a 57.082.1  |2 MRF 
080 |a 616-072.5  |2 MRF 
080 |a (083.744)  |2 MRF 
245 0 0 |a Odběr vzorků pro bakteriologické a virologické vyšetření ryb /  |c Veronika Piačková ... [et al.] 
250 |a 1. vyd. 
260 |a Vodňany :  |b Jihočeská univerzita v Českých Budějovicích, Fakulta rybářství a ochrany vod,  |c 2014 
300 |a 26 s. :  |b il. (převážně barev.) ;  |c 21 cm 
490 1 |a Edice metodik ;  |v 142.  |a Technologická řada 
500 |a Terminologický slovník 
500 |a 200 výt. 
504 |a Obsahuje bibliografie a bibliografické odkazy 
650 0 7 |a chov ryb  |7 ph134819  |2 czenas 
650 0 7 |a nemoci ryb  |7 ph136522  |2 czenas 
650 0 7 |a bakteriální nemoci  |7 ph136524  |2 czenas 
650 0 7 |a virové nemoci  |7 ph127113  |2 czenas 
650 0 7 |a veterinární diagnostika  |7 ph137081  |2 czenas 
650 0 7 |a vzorkování  |7 ph136736  |2 czenas 
650 0 9 |a fish keeping  |2 eczenas 
650 0 9 |a fish diseases  |2 eczenas 
650 0 9 |a bacterial diseases  |2 eczenas 
650 0 9 |a viral diseases  |2 eczenas 
650 0 9 |a veterinary diagnostics  |2 eczenas 
650 0 9 |a sampling  |2 eczenas 
655 7 |a certifikované metodiky  |7 fd806827  |2 czenas 
655 9 |a certified methodology  |2 eczenas 
700 1 |a Piačková, Veronika,  |d 1968-  |7 uzp2009465522  |4 aut 
810 2 |a Jihočeská univerzita.  |b Fakulta rybářství a ochrany vod.  |t Metodiky.  |p Technologická řada  |0 s 
910 2 |a BOA001  |b 2-1335.587 
928 9 |a Jihočeská univerzita. Fakulta rybářství a ochrany vod. Vodňany 
990 |a BK 
995 |a 01 
991 |b 201412  |c NOV  |e n 
996 6 |b 2610612534  |c 2-1335.587  |l MZK  |r Sklad / do 1 hodiny  |n 2  |p p.v.  |w 001472730  |u 000010  |a 1  |e BOA001  |j MZK50  |s P